000 006130000a22001810004500
003 MACL
005 20160513152608.0
008 160513b xxu||||| |||| 00| 0 eng d
040 _aMACL
_cMACL
041 _aHindi
082 _a891.431 TRI
100 _aत्रिपाठी, जयशंकर
_956379
245 _aघाटी के परिसंवाद
_bकवताऍ
_cजयशंकर त्रिपाठी
260 _bसाहित्‍य भण्‍डार
_c2008
_aइलाहाबाद
350 _a125
650 _aPoetry
_956807
942 _cHIN
_k891.431/TRI/P
_2ddc
999 _c42738
_d42738